Cyclopolymrization and polymers with chain ring structures (Record no. 37035)

MARC details
000 -LEADER
fixed length control field 00334nam a2200121Ia 4500
082 ## - DEWEY DECIMAL CLASSIFICATION NUMBER
Classification number 678:547
Item number BUT
245 #0 - TITLE STATEMENT
Title Cyclopolymrization and polymers with chain ring structures
260 ## - PUBLICATION, DISTRIBUTION, ETC. (IMPRINT)
Place of publication Washington
Name of publisher ACS
Year of publication 1982
700 ## - ADDED ENTRY--PERSONAL NAME
Personal name Butler, George B
700 ## - ADDED ENTRY--PERSONAL NAME
Personal name Kresta, Jiri E
942 ## - ADDED ENTRY ELEMENTS (KOHA)
Koha item type Books
Holdings
Withdrawn status Lost status Damaged status Not for loan Home library Current library Date acquired Cost, normal purchase price Full call number Accession Number Koha item type
        RRII Library RRII Library 16/12/2021 53.95 678:547 BUT 17427 Books